000 00314nam a2200121Ia 4500
005 20251222141949.0
008 251222s9999||||xx |||||||||||||| ||spa||
020 _a84-670-2314-7
082 _aREF.463/R31E
245 0 _aDiccionario Esencial de la Lengua EspaƱola
264 _bReal Academia EspaƱola
942 _cLIB
999 _c9637
_d9637